Bài tập xác suất - thống kê ứng dụng
Nội dung sách cung cấp phương pháp giải các bài toán xác suất thống kê bao gồm: Xác suất thống kê một biên, biến ngẫu nhiên, các phân phối xác suất thông dụng, biến ngẫu nhiều chiều, ước lương tham số, kiểm định giả thuyết và hồi quy...
Gardado en:
| Autor Principal: | |
|---|---|
| Formato: | Libro |
| Idioma: | Undetermined |
| Publicado: |
Hà Nội
Giáo dục Việt Nam
2012
|
| Những chủ đề: | |
| Các nhãn: |
Engadir etiqueta
Sen Etiquetas, Sexa o primeiro en etiquetar este rexistro!
|
| Thư viện lưu trữ: | Trung tâm Học liệu Trường Đại học Cần Thơ |
|---|
| LEADER | 01073nam a2200217Ia 4500 | ||
|---|---|---|---|
| 001 | CTU_207391 | ||
| 008 | 210402s9999 xx 000 0 und d | ||
| 020 | |c 40000 | ||
| 082 | |a 519.2076 | ||
| 082 | |b Đ455 | ||
| 100 | |a Lê, Sĩ Đồng | ||
| 245 | 0 | |a Bài tập xác suất - thống kê ứng dụng | |
| 245 | 0 | |c Lê Sĩ Đồng | |
| 260 | |a Hà Nội | ||
| 260 | |b Giáo dục Việt Nam | ||
| 260 | |c 2012 | ||
| 520 | |a Nội dung sách cung cấp phương pháp giải các bài toán xác suất thống kê bao gồm: Xác suất thống kê một biên, biến ngẫu nhiên, các phân phối xác suất thông dụng, biến ngẫu nhiều chiều, ước lương tham số, kiểm định giả thuyết và hồi quy tương quan. | ||
| 650 | |a Mathematical statistics,Toán xác suất thống kê | ||
| 650 | |x Problems, exercises, etc.,Vấn đề và bài tập | ||
| 904 | |i Qhieu | ||
| 980 | |a Trung tâm Học liệu Trường Đại học Cần Thơ | ||